Loading...
Oḷympiksile Indian veeragāthakaḷ / ഒളിംപിക്സിലെ ഇന്ത്യൻ വീരഗാഥകൾ
On performances of Indian sports persons in Olympics.
| Main Author: | |
|---|---|
| Format: | Printed Book |
| Published: |
Kottayam
D C reference
2016
|
| Subjects: |
| LEADER | 00754cam a2200181 i 4500 | ||
|---|---|---|---|
| 999 | |c 57982 |d 57982 | ||
| 020 | |a 9788126467495 | ||
| 082 | |a M 796.48 |b SAN/O | ||
| 100 | 1 | |a Tōmas, Sanil P., സനിൽ പി തോമസ് | |
| 245 | 1 | 0 | |a Oḷympiksile Indian veeragāthakaḷ / ഒളിംപിക്സിലെ ഇന്ത്യൻ വീരഗാഥകൾ |
| 260 | |a Kottayam |b D C reference |c 2016 | ||
| 300 | |a 83 pages : |b illustrations ; | ||
| 520 | |a On performances of Indian sports persons in Olympics. | ||
| 650 | 0 | |a Olympic athletes | |
| 650 | 0 | |a Women Olympic athletes | |
| 650 | 0 | |a Olympics | |
| 942 | |c BK | ||
| 952 | |0 0 |1 0 |4 0 |6 M_796_480000000000000_SAN_O |7 0 |9 65021 |a KUCL |c Stack |d 2019-08-31 |g 75.00 |l 0 |o M 796.48 SAN/O |p 47758 |r 2019-08-31 |w 2019-08-31 |y BK | ||